Normal view
MARC view
Entry Personal Name
001 - CONTROL NUMBER
- control field: 71006
003 - CONTROL NUMBER IDENTIFIER
- control field: dpl
005 - DATE AND TIME OF LATEST TRANSACTION
- control field: 20240904151829.0
008 - FIXED-LENGTH DATA ELEMENTS
- fixed length control field: 240904|| aca||aabn | a|a d
040 ## - CATALOGING SOURCE
- Original cataloging agency: dpl
- Transcribing agency: dpl
100 ## - HEADING--PERSONAL NAME
- Personal name: Arumugam,N
670 ## - SOURCE DATA FOUND
- Source citation: Work cat.: (dpl)197638: Arumugam,N, College Botany:, 2016
